[Event "chess.com SpeedChess 2024"]
[Site "chess.com INT"]
[Date "2024.07.26"]
[Round "1.13"]
[White "Carlsen, M."]
[Black "Le Tuan Minh"]
[Result "1-0"]
[WhiteElo "2832"]
[BlackElo "2568"]
[PlyCount "87"]
[EventDate "2024.07.25"]
[EventType "k.o."]

1. Nf3 d5 2. b3 Nf6 3. Bb2 Bg4 4. e3 e6 5. h3 Bh5 6. g4 Bg6 7. Ne5 Nbd7 8. Nxg6 hxg6 9. Bg2 c6 ({RR} 9... Bd6 10. Nc3 c6 11. g5 Nh5 12. h4 Qe7 13. Qe2 Ba3 14. O-O-O O-O-O 15. d4 Kb8 16. Na4 Bxb2+ 17. Kxb2 e5 18. Qg4 exd4 19. Qxd4 Qe5 20. Nc3 Qxd4 21. Rxd4 Rhe8 22. Ne2 Ne5 23. Rhd1 Kc7 24. Bh3 {Javakhishvili,L (2426)-Schulze,L (2266) Monaco MNC 2025 1-0 (46)}) 10. d3 Bd6 11. Nd2 Be5 12. d4 $146 ({RR} 12. c3 Qe7 13. Qc2 Bd6 14. c4 Ba3 15. Bxa3 Qxa3 16. O-O g5 17. Nf3 Qe7 18. b4 O-O 19. b5 cxb5 20. cxb5 Rfc8 21. Qb2 Ne8 22. Rac1 f6 23. Nd4 Nb6 24. Qb3 Qd6 25. a4 Kh8 26. a5 Nd7 {Vassallo Barroche,M (2391)-Santos Izquierdo,F (2305) Cala Galdana 1999 1-0 (35)}) 12... Bd6 13. Qe2 Qe7 14. g5 Ng8 15. Nf3 Ba3 16. c4 Qb4+ 17. Kf1 Ne7 18. Rc1 Bxb2 19. Qxb2 Nf5 20. h4 Qe7 21. Kg1 Nd6 22. Bf1 f5 23. b4 a6 24. a4 Kf7 25. b5 axb5 26. axb5 Rhc8 27. Kg2 Ne4 28. bxc6 bxc6 29. cxd5 cxd5 30. Rxc8 Rxc8 31. Bd3 Qd6 32. Ra1 Qc7 33. Ra6 Rb8 34. Qa3 Rb6 35. Ra8 Rb8 36. Ra5 Nd6 37. Ra7 Rb7 38. Rxb7 Nxb7 39. Bb5 Nf8 40. Ne5+ Kg8 41. Qa7 Qc8 42. Ba6 Qc2 43. Qxb7 Qe4+ 44. Kg1 1-0

[Event "chess.com SpeedChess 2024"]
[Site "chess.com INT"]
[Date "2024.07.26"]
[Round "1.17"]
[White "Nepomniachtchi, I."]
[Black "Abdusattorov, Nodirbek"]
[Result "1-0"]
[WhiteElo "2770"]
[BlackElo "2769"]
[PlyCount "111"]
[EventDate "2024.07.25"]
[EventType "k.o."]

1. Nf3 b6 2. g3 Bb7 3. Bg2 Nf6 4. O-O e6 5. c4 Be7 6. Nc3 O-O 7. Re1 Ne4 8. Qc2 f5 ({RR} 8... Nxc3 9. bxc3 Nc6 10. e4 d6 11. d3 e5 12. h4 Qd7 13. Nh2 Nd8 14. Qe2 f5 15. Bh3 Qc6 16. Bg2 Qd7 17. d4 Bxe4 18. Bxe4 fxe4 19. Qxe4 Nf7 20. Ng4 exd4 21. Qe6 Qxe6 22. Rxe6 Rae8 23. cxd4 {Bu,X (2702)-Tomashevsky,E (2689) Sochi 2009 ½-½}) ({RR} 8... Nxc3 9. dxc3 Qc8 10. e4 d6 11. e5 Nd7 12. Bg5 Qd8 13. exd6 cxd6 14. Bf4 e5 15. Nxe5 dxe5 16. Bxb7 Rb8 17. Bc6 exf4 18. Rad1 fxg3 19. hxg3 Bc5 20. Rxd7 Qg5 21. Kg2 a5 22. Bd5 g6 23. a3 {Nihal,S (2687)-Mekhitarian,K (2564) chess.com INT 2025 1-0}) 9. d4 Bf6 $146 ({RR} 9... Nxc3 10. Qxc3 a5 11. Bd2 Bf6 12. Qc1 Be4 13. Bc3 d5 14. Ne5 Bxg2 15. Kxg2 dxc4 16. Qe3 Bxe5 17. dxe5 Nc6 18. Rad1 Qe7 19. Qf3 Qc5 20. Rd7 Nxe5 21. Bxe5 Qxe5 22. Red1 Rae8 23. Qc6 Rf7 24. Rxc7 {Hortolani,S (1917)-Weller,M (2158) Playchess.com INT 2020 ½-½ (35)}) 10. Bd2 d6 11. Rad1 Nd7 12. Bc1 Qe7 13. Nd2 Nxc3 14. bxc3 Bxg2 15. Kxg2 c5 16. e4 cxd4 17. exf5 Nc5 18. cxd4 Bxd4 19. Nf3 Bf6 20. fxe6 Rfe8 21. Ba3 Nxe6 22. Bxd6 Qb7 23. Qf5 Nd4 24. Qd5+ Qxd5 25. cxd5 Nxf3 26. Kxf3 Rxe1 27. Rxe1 Rd8 28. Re6 Kf7 29. Ke4 Rc8 30. Be5 Rc4+ 31. Kd3 Ra4 32. Bxf6 gxf6 33. Rc6 Rxa2 34. Rc7+ Ke8 35. Rxh7 Rxf2 36. Ke4 a5 37. h4 a4 38. Ra7 b5 39. h5 Rh2 40. g4 b4 41. Rxa4 b3 42. Rb4 b2 43. Rb7 Rf2 44. h6 Rh2 45. Kf5 Rxh6 46. Rxb2 Kd7 47. Rb6 Rh1 48. Rxf6 Rf1+ 49. Kg6 Rd1 50. d6 Rg1 51. g5 Rg2 52. Kh6 Rh2+ 53. Kg7 Ke8 54. g6 Rg2 55. Kg8 Rf2 56. Rxf2 1-0

[Event "FIDE World Rapid Team"]
[Site "Almaty KAZ"]
[Date "2024.08.04"]
[Round "11.9"]
[White "Andreikin, D."]
[Black "Hong, Andrew"]
[Result "1-0"]
[WhiteElo "2729"]
[BlackElo "2572"]
[PlyCount "93"]
[EventDate "2024.08.02"]
[EventType "rapid"]
[WhiteTeam "Al-Ain ACMG UAE"]
[BlackTeam "GMHans.com"]

1. Nf3 Nf6 2. g3 c5 3. Bg2 Nc6 4. c4 d5 5. cxd5 Nxd5 6. Nc3 g6 7. O-O Bg7 8. Nxd5 Qxd5 9. d3 O-O 10. Be3 Qd6 11. Rc1 Bxb2 ({RR} 11... b6 12. d4 Ba6 13. dxc5 Qxd1 14. Rfxd1 Bxe2 15. Rd2 Bb5 16. cxb6 axb6 17. Rd5 Bxb2 18. Rxb5 Bxc1 19. Bxc1 Rxa2 20. Rxb6 Rc2 21. Bf4 Rd8 22. h4 Rd1+ 23. Kh2 Kg7 24. Be3 Rd6 25. Rb7 h6 26. Rc7 {Andreikin,D (2729)-Grischuk,A (2742) Chess.com INT 2022 1-0 (57)}) 12. Rxc5 Bg7 13. Qb1 ({RR} 13. Qb3 Rb8 14. Rfc1 Be6 15. Qa4 Rbc8 16. Qh4 Bf5 17. Ng5 h6 18. Ne4 Bxe4 19. Bxe4 g5 20. Qh3 e6 21. Bxg5 f5 22. Bf4 e5 23. Bxf5 Rxf5 24. Qxf5 Rf8 25. Bxe5 Nxe5 26. Qe4 Qf6 27. f4 Ng4 {Kopylov,D (2369)-Lohani,S (1806) chess.com INT 2024 1-0 (33)}) 13... Bd7 14. Nd2 $146 ({RR} 14. Ng5 h6 15. Ne4 Qc7 16. Rfc1 Rfc8 17. R5c2 Rab8 18. Bxa7 Ra8 19. Bb6 Qb8 20. Be3 Nd4 21. Bxd4 Bxd4 22. Rxc8+ Bxc8 23. Qb4 Qa7 24. Qxe7 Be6 25. h4 Qb6 26. a4 Kg7 27. Kh2 Kg8 28. e3 Bg7 {Frayna,J (2275)-Wynn,Z (2443) Puchong 2018 1-0 (38)}) 14... b6 15. Ne4 Qe6 16. Ng5 Qf6 17. Ne4 Qe6 18. Rc4 Rac8 19. Rfc1 Na5 20. Rc7 Nc6 21. Rb7 Rfd8 22. h4 h6 23. a4 Be8 24. a5 bxa5 25. Nc5 Qf6 26. Bh3 e6 27. Ne4 Qe5 28. Bf4 Qd4 29. Rc4 Qd5 30. Bg2 Qf5 31. Nd6 Rxd6 32. Bxd6 a4 33. Bxc6 Rxc6 34. Rb8 Rxd6 35. Rxe8+ Kh7 36. Rxa4 Rb6 37. Rb4 Ra6 38. Rf4 Qe5 39. d4 Qc7 40. h5 Rb6 41. Qe4 Qc1+ 42. Kh2 Rb1 43. Rxf7 Qg1+ 44. Kh3 Qf1+ 45. Kg4 Qxe2+ 46. Qxe2 gxh5+ 47. Kh3 1-0

[Event "FIDE World Rapid Team"]
[Site "Almaty KAZ"]
[Date "2024.08.04"]
[Round "11.1"]
[White "Rapport, R."]
[Black "Makhnev, Denis"]
[Result "1-0"]
[WhiteElo "2715"]
[BlackElo "2551"]
[PlyCount "65"]
[EventDate "2024.08.02"]
[EventType "rapid"]
[WhiteTeam "Chessy"]
[BlackTeam "Astana-1"]

1. Nf3 d5 2. g3 Nf6 3. Bg2 e6 4. O-O Be7 5. d3 b6 6. e4 dxe4 7. dxe4 Qxd1 8. Rxd1 Bb7 9. Nc3 ({RR} 9. e5 Nfd7 10. Nc3 a6 11. Bf4 h6 12. h4 Nc6 13. Nd4 Nd8 14. Bxb7 Nxb7 15. Nc6 Nd8 16. Nxd8 Rxd8 17. Ne4 Nc5 18. Rxd8+ Kxd8 19. Rd1+ Kc8 20. Nxc5 Bxc5 21. Kg2 Rd8 22. Rxd8+ Kxd8 23. h5 Kd7 {Short,N (2683)-Tiviakov,S (2648) Ottawa 2007 ½-½ (32)}) 9... O-O $146 ({RR} 9... Nxe4 10. Ne5 Nc5 11. Nb5 Nba6 12. Nc6 Bf6 13. c3 e5 14. b4 e4 15. Nbd4 Na4 16. Re1 Nxc3 17. Bd2 O-O 18. a3 Nb5 19. Bxe4 Nxd4 20. Ne7+ Bxe7 21. Bxb7 Bf6 22. Rac1 Rad8 23. Bxa6 Nf3+ 24. Kg2 {Rechlis,G (2513)-Birnboim,N (2381) Jerusalem 2021 0-1 (42)}) 10. Nd4 Rd8 11. Bf4 Ne8 12. e5 Bxg2 13. Kxg2 c5 14. Nf3 Nc6 15. Ne4 f5 16. exf6 gxf6 17. g4 Nb4 18. Rxd8 Rxd8 19. Rc1 c4 20. Bd2 Nd5 21. Re1 Nec7 22. Nd4 Rd7 23. Nc6 a6 24. b3 b5 25. bxc4 bxc4 26. Rb1 Ba3 27. Rb7 Kg7 28. g5 fxg5 29. Ne5 Rd8 30. Ba5 Rc8 31. Nxc4 Be7 32. Ncd6 Bxd6 33. Nxd6 1-0

[Event "FIDE World Rapid Team"]
[Site "Almaty KAZ"]
[Date "2024.08.04"]
[Round "12.2"]
[White "Duda, J."]
[Black "Tabatabaei, M."]
[Result "1-0"]
[WhiteElo "2733"]
[BlackElo "2712"]
[PlyCount "53"]
[EventDate "2024.08.02"]
[EventType "rapid"]
[WhiteTeam "WR Chess Team"]
[BlackTeam "GMHans.com"]

1. Nf3 d5 2. g3 Nf6 3. Bg2 c6 4. c4 dxc4 5. O-O e6 6. a4 Nbd7 7. Qc2 e5 ({RR} 7... b6 8. Qxc4 Bb7 9. b3 Be7 10. Bb2 O-O 11. Qc3 c5 12. Na3 a6 13. Rfd1 Qb8 14. Ne5 Nxe5 15. Qxe5 Bxg2 16. Qxb8 Raxb8 17. Kxg2 Nd5 18. Nc4 f6 19. d4 Rfd8 20. dxc5 Bxc5 21. Rac1 Kf7 22. Kf3 {Tomashevsky,E (2700)-Sjugirov,S (2703) Poikovsky 2022 ½-½}) 8. Qxc4 $146 ({RR} 8. Na3 Bxa3 9. Rxa3 O-O 10. Qxc4 a5 11. d3 Re8 12. e4 c5 13. Nh4 b6 14. f4 exf4 15. Bxf4 Ne5 16. Qc3 Nfd7 17. Nf5 Ba6 18. Rd1 Qf6 19. Ne3 Bb7 20. d4 cxd4 21. Qxd4 Rac8 22. Rc3 Rxc3 {Schitco,I (2511)-Matviishen,V (2566) Charlotte USA 2025 ½-½}) 8... Nc5 9. Ng5 Ne6 10. d3 a5 11. Na3 Nxg5 12. Bxg5 h6 13. Bxf6 Qxf6 14. f4 exf4 15. Rxf4 Qxb2 16. Bxc6+ bxc6 17. Qxc6+ Ke7 18. Qc7+ Ke8 19. Qxf7+ Kd8 20. Qd5+ Ke8 21. Rb1 Qxa3 22. Qxa8 Qc5+ 23. Kg2 Qc2 24. Rb8 Kd7 25. Qd5+ Bd6 26. Rf7+ Ke8 27. Qe6+ 1-0

[Event "FIDE World Bl Team Pool A"]
[Site "Almaty KAZ"]
[Date "2024.08.05"]
[Round "6.2"]
[White "Duda, J."]
[Black "Tabatabaei, M."]
[Result "1-0"]
[WhiteElo "2733"]
[BlackElo "2712"]
[PlyCount "85"]
[EventDate "2024.08.05"]
[WhiteTeam "WR Chess Team"]
[BlackTeam "GMHans.com"]

1. Nf3 d5 2. g3 Nf6 3. Bg2 c6 4. d3 Bg4 5. Nbd2 Nbd7 6. h3 Bh5 7. g4 Bg6 8. Nh4 e5 ({RR} 8... e6 9. e3 Bd6 10. Qe2 Qc7 11. O-O O-O-O 12. f4 h6 13. Nxg6 fxg6 14. Nf3 e5 15. Nh4 exf4 16. exf4 Rhe8 17. Qf2 Bc5 18. d4 Bb6 19. b4 Ne4 20. Bxe4 Rxe4 21. c3 Rde8 22. Nxg6 c5 23. bxc5 {Morozevich,A (2755)-Kramnik,V (2785) Moscow 2007 0-1 (38)}) ({RR} 8... e6 9. Nxg6 hxg6 10. d4 e5 11. c3 Bd6 12. e3 Qe7 13. Qa4 a6 14. Qc2 O-O-O 15. b3 Kb8 16. Bb2 exd4 17. cxd4 Rc8 18. Qd3 c5 19. g5 Nh5 20. Bxd5 cxd4 21. Bxd4 Ne5 22. Qe2 Qxg5 23. Nf3 {Ptacnikova,L (2074)-Sulypa,A (2450) Reykjavik ISL 2024 0-1}) 9. e3 Be7 $146 ({RR} 9... Bd6 10. O-O Ng8 11. Nxg6 hxg6 12. c4 Ne7 13. b3 Nc5 14. d4 exd4 15. exd4 Ne6 16. Nf3 Nf4 17. Bxf4 Bxf4 18. Re1 O-O 19. Qc2 Qc7 20. Re2 dxc4 21. bxc4 g5 22. Rae1 Ng6 23. Qf5 Rad8 24. Re4 {Hickl,J (2500)-Blauert,J (2275) Bad Neuenahr 1989 ½-½ (63)}) 10. Qe2 Qc7 11. a3 O-O-O 12. b4 Kb8 13. O-O e4 14. Bb2 Bd6 15. Rfd1 Bh2+ 16. Kf1 Rhe8 17. Nxg6 fxg6 18. dxe4 dxe4 19. g5 Nh5 20. Nxe4 Be5 21. Bxe5 Qxe5 22. Kg1 h6 23. b5 cxb5 24. Nd6 Rf8 25. Nxb7 Rc8 26. Nd6 Rc5 27. Rab1 a6 28. Qg4 Nb6 29. c4 hxg5 30. cxb5 a5 31. Qe4 Qxe4 32. Nxe4 Rc2 33. Rd6 Nc4 34. Rxg6 Nf6 35. Nxf6 Rxf6 36. Rxg7 Rfxf2 37. Be4 Rb2 38. Rd1 Rbd2 39. Rxd2 Rxd2 40. b6 Rd1+ 41. Kf2 Rd2+ 42. Kg3 Kc8 43. Rc7+ 1-0

[Event "FIDE World Bl Team Pool C"]
[Site "Almaty KAZ"]
[Date "2024.08.05"]
[Round "3.1"]
[White "Wei Yi"]
[Black "Bologan, V."]
[Result "1-0"]
[WhiteElo "2762"]
[BlackElo "2598"]
[PlyCount "87"]
[EventDate "2024.08.05"]
[WhiteTeam "Decade China Team"]
[BlackTeam "FIDE Management Board"]

1. Nf3 d6 2. e4 Nf6 3. Nc3 e5 4. Bc4 Be7 5. d3 O-O 6. O-O Nc6 7. a4 Bg4 8. h3 Bh5 9. Be3 Nd4 10. Bxd4 exd4 11. Nd5 Nxd5 12. Bxd5 c6 13. Bb3 Bf6 14. g4 Bg6 15. Nd2 $146 ({RR} 15. Nh2 Re8 16. f4 h6 17. Nf3 Qd7 18. Qd2 Re7 19. Rae1 Rae8 20. Qg2 Bh7 21. g5 hxg5 22. fxg5 Be5 23. Nxe5 dxe5 24. g6 {1-0 (24) Berdayes Ason,D (2476)-Nagare Kaivalya Sandip (2273) Badalona ESP 2024}) 15... h6 16. f4 Bh7 17. Nf3 g5 18. Qd2 Kg7 19. Rae1 gxf4 20. Qxf4 Qe7 21. e5 dxe5 22. Nxe5 Qd6 23. Nd7 Qxf4 24. Rxf4 Bg5 25. Rf3 Be3+ 26. Kg2 Rad8 27. Nxf8 Rxf8 28. Rfxe3 dxe3 29. Rxe3 Kf6 30. Kg3 Bg6 31. Kf4 Rd8 32. Kg3 Rd4 33. Bc4 Rd8 34. c3 c5 35. Kf4 b6 36. h4 h5 37. g5+ Kg7 38. Re7 a5 39. Ke5 Bxd3 40. Rxf7+ Kh8 41. Bxd3 Rxd3 42. Kf5 Rd2 43. Rb7 Rxb2 44. Ke4 1-0

[Event "FIDE World Bl Team Final"]
[Site "Almaty KAZ"]
[Date "2024.08.05"]
[Round "1.1"]
[White "Gareev, T."]
[Black "Sarana, A."]
[Result "1-0"]
[WhiteElo "2541"]
[BlackElo "2717"]
[PlyCount "129"]
[EventDate "2024.08.05"]
[WhiteTeam "Q4Rail Kingsofchess Krakow"]
[BlackTeam "Chessy"]

1. Nf3 d5 2. g3 g6 3. c4 c6 4. Qa4 Nd7 5. cxd5 Nb6 $146 ({RR} 5... cxd5 6. Nc3 Ngf6 7. Bg2 Bg7 8. O-O O-O 9. d4 Nb6 10. Qb3 Ne4 11. Bf4 Nxc3 12. bxc3 Bd7 13. a4 Bc6 14. Ne5 Rc8 15. Nxc6 bxc6 16. a5 Nc4 17. a6 Nd6 18. Rfd1 Rb8 19. Qc2 Rb6 20. Rdb1 {Seeman,T (2420)-Fraser,S (2166) Finland 2015 1-0 (51)}) ({RR} 5... cxd5 6. Bg2 Bg7 7. Nc3 Ngf6 8. O-O O-O 9. d4 b6 10. Bf4 Bb7 11. Rfc1 a6 12. Ne5 e6 13. Qb3 Rc8 14. e3 Qe7 15. Bg5 Qd6 16. Bxf6 Nxf6 17. Na4 Rxc1+ 18. Rxc1 b5 19. Nc5 Rc8 20. Rc3 {Kramnik,V (2777)-Carlsen,M (2850) Berlin 2015 ½-½ (51)}) ({RR} 5... cxd5 6. Nc3 Ngf6 7. Bg2 Bg7 8. O-O O-O 9. d4 Nb6 10. Qb3 Ne4 11. Ne5 Nxc3 12. bxc3 Be6 13. a4 Qc7 14. a5 Nd7 15. Nd3 Rac8 16. Bd2 b6 17. Bxd5 Bh3 18. Rfc1 bxa5 19. Nf4 Bf5 20. e4 {Van Wely,L (2607)-Hauchamps,M (2266) Helmond NED 2024 1-0}) ({RR} 5... cxd5 6. Nc3 Ngf6 7. d4 Bg7 8. Bg2 O-O 9. O-O Nb6 10. Qb3 Bf5 11. Bf4 Ne4 12. Rac1 Nd6 13. Nxd5 Nxd5 14. Qxd5 Be6 15. Qc5 Bxa2 16. Nd2 Be6 17. e3 Qd7 18. Bxd6 exd6 19. Qc7 Qb5 20. Qxb7 {Kuzubov,Y (2625)-Sarana,A (2693) chess.com INT 2023 1-0 (88)}) 6. Qd4 Nf6 7. dxc6 Qc7 8. Bg2 Bg7 9. O-O bxc6 10. d3 O-O 11. Bf4 Qb7 12. Nc3 Nfd5 13. Ne5 Be6 14. Ne4 Nxf4 15. gxf4 Nd7 16. Qc3 Bd5 17. d4 Rfd8 18. b3 Rac8 19. Rac1 Nxe5 20. fxe5 Qb6 21. Nc5 Bxg2 22. Kxg2 a5 23. f4 e6 24. e3 Bf8 25. Qc4 Kg7 26. Rc2 Be7 27. Rf3 Qb5 28. Rff2 Qb6 29. h3 Qa7 30. Rf3 Rd5 31. Ne4 c5 32. Nc3 Rd7 33. d5 exd5 34. Nxd5 Qb7 35. e4 Bh4 36. Re2 Kg8 37. Rc3 Qb8 38. Qd3 Kg7 39. Qf3 h5 40. Kh1 c4 41. bxc4 Rb7 42. Kg2 Rb2 43. Rcc2 Rb1 44. Qc3 Kh7 45. c5 Qb5 46. c6 a4 47. Qc4 Qa5 48. Nf6+ Kg7 49. Nd5 Qa7 50. Qc5 Qa6 51. Qe3 Rxc6 52. Rxc6 Qxc6 53. f5 Qc4 54. e6 fxe6 55. fxe6 Qc1 56. Qxc1 Rxc1 57. Rb2 a3 58. Rb7+ Kf8 59. Rf7+ Kg8 60. Ra7 Rc2+ 61. Kf3 Rxa2 62. e7 Kf7 63. e5 Rf2+ 64. Ke3 Rf5 65. e6+ 1-0

[Event "FIDE World Bl Team Final"]
[Site "Almaty KAZ"]
[Date "2024.08.05"]
[Round "2.1"]
[White "Duda, J."]
[Black "Tabatabaei, M."]
[Result "1-0"]
[WhiteElo "2733"]
[BlackElo "2712"]
[PlyCount "87"]
[EventDate "2024.08.05"]
[WhiteTeam "WR Chess Team"]
[BlackTeam "GMHans.com"]

1. Nf3 d5 2. g3 c5 3. Bg2 Nc6 4. d4 Nf6 5. O-O e6 6. c4 dxc4 7. Qa4 Bd7 8. Qxc4 b5 9. Qd3 c4 10. Qd1 Rc8 11. Bf4 Be7 12. Nc3 a6 13. a3 O-O 14. e4 Na5 15. Qc2 ({RR} 15. Qe2 Nb3 16. Rad1 Qb6 17. d5 Bc5 18. d6 Bc6 19. e5 Nd5 20. Nxd5 Bxd5 21. Rxd5 exd5 22. Ng5 Rce8 23. Qh5 h6 24. Nxf7 Qb7 25. e6 Rxe6 26. Nxh6+ gxh6 27. Bxd5 Qf7 28. Qg4+ Kh7 29. Bxe6 Qf6 {Quintiliano,R (2513)-Ribeiro,M (2250) Manaus/AM 2024 1-0 (34)}) 15... Qb6 ({RR} 15... Nb3 16. Rad1 a5 17. d5 exd5 18. exd5 Bc5 19. Bg5 h6 20. Bxf6 Qxf6 21. Ne4 Qg6 22. Ne5 Qf5 23. g4 Qxe5 24. Rfe1 Qf4 25. h3 Nd4 26. Qc3 b4 27. Qe3 Qxe3 28. fxe3 Nc2 29. Nxc5 Rxc5) 16. Rad1 h6 $146 ({RR} 16... Rfd8 17. e5 Ne8 18. d5 h6 19. d6 Bf8 20. Be3 Qb8 21. Rd4 f5 22. g4 Nc6 23. gxf5 exf5 24. Rh4 Be6 25. Bh3 b4 26. Bxf5 Bxf5 27. Qxf5 Nxd6 28. exd6 Rxd6 29. Ne4 Ne7 30. Qh5 Rg6+ 31. Kh1 {Vantika,A (2435)-Khamdamova,A (2140) Hangzhou CHN 2023 1-0 (34)}) ({RR} 16... Rfd8 17. e5 Ne8 18. d5 h6 19. d6 Bf8 20. Be3 Qb8 21. Rd4 f5 22. g4 Nc6 23. gxf5 exf5 24. Rh4 Be6 25. Bh3 b4 26. Bxf5 Bxf5 27. Qxf5 Nxd6 28. exd6 Rxd6 29. Ne4 Ne7) 17. d5 Bc5 18. d6 Bc6 19. e5 Nd5 20. Nxd5 Bxd5 21. Rxd5 exd5 22. Qf5 Nc6 23. Qg4 Kh7 24. Qh5 Rce8 25. Ng5+ Kg8 26. Nxf7 Rxf7 27. Bxd5 Nd8 28. Qg6 Qa7 29. Be4 Kf8 30. Qh7 Rxf4 31. Bd5 Ne6 32. gxf4 Qf7 33. f5 Qh5 34. Qh8+ Kf7 35. fxe6+ Rxe6 36. Bxe6+ Kxe6 37. Qc8+ Kd5 38. Qb7+ Kxe5 39. d7 Qg4+ 40. Kh1 Be7 41. Re1+ Kf6 42. Qc6+ Kf7 43. Qd5+ Kf6 44. Qe5+ 1-0

[Event "FIDE World Bl Team Final"]
[Site "Almaty KAZ"]
[Date "2024.08.05"]
[Round "2.1"]
[White "Nihal, Sarin"]
[Black "Erigaisi, Arjun"]
[Result "1-0"]
[WhiteElo "2668"]
[BlackElo "2778"]
[PlyCount "85"]
[EventDate "2024.08.05"]
[WhiteTeam "Ashdod Chess Club"]
[BlackTeam "Team MGD1"]

1. Nf3 d5 2. e3 Nf6 3. b3 g6 4. Bb2 Bg7 5. c4 O-O 6. cxd5 Nxd5 7. Bxg7 Kxg7 8. Qc1 Nd7 9. Nc3 N5f6 10. Be2 b6 11. d4 Bb7 12. O-O c5 13. Rd1 cxd4 $146 ({RR} 13... Qc7 14. Qb2 Rad8 15. Rac1 cxd4 16. Nxd4 Qb8 17. h3 Qa8 18. Bf3 Bxf3 19. Nxf3 Nc5 20. Qe2 Rxd1+ 21. Rxd1 Rd8 22. Rxd8 Qxd8 23. Qc4 Qd3 24. Qxd3 Nxd3 25. Kf1 {½-½ (25) Konstantinopolsky,A-Flohr,S Moscow 1945}) 14. Nxd4 a6 15. Qb2 b5 16. b4 Rc8 17. a4 bxa4 18. Nxa4 Qc7 19. Rac1 Qe5 20. Nc5 Nxc5 21. bxc5 Be4 22. Qa3 Qg5 23. f3 Nd5 24. h4 Qxe3+ 25. Qxe3 Nxe3 26. Re1 Bd5 27. Bxa6 Ra8 28. Bd3 e5 29. Nb5 Nf5 30. Bxf5 gxf5 31. Rxe5 Be6 32. Nc7 Kf6 33. Rxe6+ fxe6 34. Nxa8 Rxa8 35. c6 f4 36. Kf2 Ke5 37. c7 Rc8 38. Ke2 Kd4 39. Rd1+ Ke5 40. Rd7 h5 41. Kd3 Kf5 42. Kd4 e5+ 43. Kd5 1-0

[Event "FIDE World Bl Team Final"]
[Site "Almaty KAZ"]
[Date "2024.08.05"]
[Round "2.2"]
[White "Praggnanandhaa, R."]
[Black "Jacobson, Brandon"]
[Result "1-0"]
[WhiteElo "2749"]
[BlackElo "2575"]
[PlyCount "133"]
[EventDate "2024.08.05"]
[WhiteTeam "WR Chess Team"]
[BlackTeam "GMHans.com"]

1. Nf3 d5 2. g3 Nf6 3. Bg2 e6 4. O-O c5 5. d3 Nc6 6. Nbd2 Be7 7. e4 O-O 8. Re1 Qc7 9. Nf1 dxe4 10. dxe4 Rd8 ({RR} 10... b5 11. Bf4 Qb6 12. a4 Rd8 13. Qc1 b4 14. Ne3 Ba6 15. Nd2 Rxd2 16. Qxd2 Rd8 17. Qc1 Nd4 18. a5 Qb5 19. b3 Qe2 20. Qd1 Qb5 21. Nc4 Nxb3 22. cxb3 Rxd1 23. Rexd1 h6 24. Rac1 Qe8 25. Nd6 {Mamedov,R (2673)-Pichot,A (2628) Riga 2021 0-1 (61)}) 11. Bd2 b6 12. Qc1 Bb7 13. c3 $146 ({RR} 13. h3 Nd4 14. Bf4 Nxf3+ 15. Bxf3 e5 16. Bd2 b5 17. Bg2 Ne8 18. Ne3 Nf6 19. f3 a5 20. Re2 c4 21. Rf2 Bc5 22. c3 Rd7 23. Qf1 Rxd2 {0-1 (23) Sinbaldi,F (1407)-Maggi,L (1876) Rome 2009}) ({RR} 13. Bf4 Qc8 14. e5 Nd5 15. Bg5 Nd4 16. Nxd4 Bxg5 17. Qxg5 cxd4 18. Rac1 Nb4 19. Bxb7 Qxb7 20. a3 Nc6 21. Red1 Rd5 22. f4 Rad8 23. Rd3 Ne7 24. Rcd1 h6 25. Qg4 Nf5 26. Qf3 Qc7 27. Qf2 Qc5 {Yurtseven,M (2333)-Klukin,K (2413) chess.com INT 2024 0-1 (45)}) 13... c4 14. Bf4 e5 15. Bg5 Nd7 16. Ne3 Bxg5 17. Nxg5 Nc5 18. Nd5 Qd6 19. Qc2 h6 20. Nf3 Ne7 21. Nxe7+ Qxe7 22. b4 Nd3 23. Re3 a5 24. b5 a4 25. Nd2 Qc5 26. Bf1 Qxb5 27. Rb1 Qc5 28. Nxc4 Qxc4 29. Bxd3 Qc5 30. Rb4 a3 31. Bc4 Rac8 32. Qe2 Rc7 33. Bb5 Qd6 34. Rb3 Rc5 35. Bd3 Rcc8 36. h4 Rd7 37. Bb5 Rdc7 38. Rd3 Qg6 39. Re3 Rd8 40. Bd3 Qd6 41. Bb5 Qc5 42. Rb4 Bc8 43. Rc4 Qe7 44. Rxc7 Qxc7 45. Bc4 Rd6 46. Bd5 Be6 47. c4 Qc5 48. Rb3 Bd7 49. Qe3 Be6 50. Qxc5 bxc5 51. Rxa3 Rb6 52. Ra5 Bg4 53. Kg2 Rb1 54. Rxc5 Ra1 55. Ra5 Be2 56. Ra8+ Kh7 57. Bxf7 g5 58. hxg5 hxg5 59. f3 Rc1 60. Kf2 Rc2 61. Ke3 Bf1 62. f4 g4 63. fxe5 Rg2 64. Bg8+ Kg7 65. Kf4 Be2 66. Be6 Bd1 67. Bxg4 1-0

[Event "Titled Tue 30th Jul Early"]
[Site "chess.com INT"]
[Date "2024.07.30"]
[Round "6"]
[White "Carlsen, M."]
[Black "Gokerkan, Cem Kaan"]
[Result "1-0"]
[WhiteElo "2832"]
[BlackElo "2512"]
[PlyCount "79"]
[EventDate "2024.07.30"]

1. Nf3 Nf6 2. g3 d5 3. Bg2 e6 4. O-O Be7 5. d3 O-O 6. a4 c5 ({RR} 6... a5 7. Bf4 Bd6 8. Bxd6 Qxd6 9. Nc3 e5 10. e4 d4 11. Nb5 Qe7 12. c3 dxc3 13. bxc3 Rd8 14. Qc2 Ra6 15. d4 exd4 16. e5 Nd5 17. Nfxd4 Rh6 18. Rfe1 Nc6 19. Rad1 Nxd4 20. Nxd4 c6 21. e6 {Andreikin,D (3098)-Makarian,R (2927) Chess.com 2024 1-0 (39)}) 7. e4 Nc6 ({RR} 7... dxe4 8. dxe4 Nc6 9. e5 Nd5 10. Qe2 b6 11. c3 Qc7 12. Nbd2 Bb7 13. Re1 Rad8 14. h4 h6 15. Nc4 Ba6 16. Qe4 Rd7 17. Bf1 Rfd8 18. Bd3 g6 19. Bc2 h5 20. g4 hxg4 21. Qxg4 Bxc4 22. Qxc4 {Carlsen,M (2832)-Yoo,C (2607) chess.com INT 2024 1-0 (33)}) 8. Qe2 Qc7 $146 ({RR} 8... d4 9. Na3 a6 10. Nc4 Bd7 11. a5 Nb4 12. c3 dxc3 13. bxc3 Nc6 14. Bf4 Nb8 15. Nb6 Ra7 16. Bxb8 Qxb8 17. e5 {1-0 (17) Giri,A (2733)-Belov,A (2421) chess.com INT 2024}) ({RR} 8... c4 9. dxc4 Nxe4 10. Rd1 Bc5 11. Be3 Qb6 12. Bxc5 Qxc5 13. Na3 Nf6 14. c3 a5 15. Ne1 Re8 16. Nd3 Qf8 17. Nf4 Bd7 18. Nh5 Nxh5 19. Qxh5 Ne7 20. Nb5 Bxb5 21. axb5 dxc4 22. Bxb7 Rab8 23. Bg2 {Coro,L (2424)-Villegas,F (2329) Buenos Aires ARG 2025 1-0 (38)}) 9. Nc3 d4 10. Nb5 Qd8 11. e5 Nd5 12. h4 a6 13. Na3 b5 14. Bd2 Rb8 15. Ng5 h6 16. Nh3 Bd7 17. Nf4 Nxf4 18. Bxf4 Nb4 19. Qg4 Kh8 20. Qh5 Bc6 21. Bxc6 Nxc6 22. Rae1 Kh7 23. axb5 axb5 24. Nb1 Qd5 25. Nd2 f5 26. Nf3 c4 27. Ng5+ Bxg5 28. hxg5 Ra8 29. gxh6 g6 30. Qh4 Rf7 31. Ra1 Rxa1 32. Rxa1 Nxe5 33. Bxe5 Qxe5 34. Ra8 f4 35. Qd8 Kxh6 36. Qh4+ Qh5 37. Rh8+ Rh7 38. Qxf4+ g5 39. Qf8+ Kg6 40. Rg8+ 1-0

[Event "Titled Tue 30th Jul Late"]
[Site "chess.com INT"]
[Date "2024.07.30"]
[Round "3"]
[White "Carlsen, M."]
[Black "Tristan, L."]
[Result "1-0"]
[WhiteElo "2832"]
[BlackElo "2531"]
[PlyCount "49"]
[EventDate "2024.07.30"]

1. Nf3 d5 2. g3 Nf6 3. Bg2 Bf5 4. d3 e6 5. Nh4 Bg4 6. h3 Bh5 7. c4 ({RR} 7. Nd2 Be7 8. g4 Nfd7 9. Nf5 exf5 10. gxh5 c6 11. e3 Nf6 12. b3 Nbd7 13. Bb2 Qc7 14. Qe2 O-O-O 15. O-O-O Qa5 16. Kb1 Ba3 17. Ba1 Bb4 18. c4 Kb8 19. Bb2 Rhe8 20. h6 g6 21. Nf3 Ka8 {Nakamura,H (2768)-Tristan,L (2558) Chess.com INT 2022 1-0 (49)}) ({RR} 7. g4 Nfd7 8. Nf5 Bg6 9. Ng3 Bd6 10. e3 c6 11. f4 Qc7 12. O-O f6 13. Nc3 Na6 14. Qf3 O-O 15. Nce2 Nb4 16. Nd4 Bf7 17. a3 Na6 18. Bd2 b5 19. Rae1 Rab8 20. Kh1 c5 21. Nde2 Nb6 {Khenkin,I (2498)-Pakleza,Z (2484) chess.com INT 2025 0-1 (39)}) 7... c6 8. Qb3 Qb6 9. g4 $146 ({RR} 9. Qxb6 axb6 10. g4 Bg6 11. cxd5 Nxd5 12. O-O Be7 13. Nxg6 hxg6 14. Nc3 Nxc3 15. bxc3 b5 16. c4 bxc4 17. dxc4 Kd8 18. a4 Kc8 19. a5 Rd8 20. Be3 Na6 21. Bb6 Rd2 22. Bf3 Nc5 23. Rfc1 Nb3 {Yurtaev,L (2360)-Imanaliev,T Frunze 1983 ½-½ (58)}) 9... Bg6 10. Be3 Qxb3 11. axb3 a6 12. f4 Be7 13. Nc3 Nfd7 14. Nf3 h5 15. f5 exf5 16. gxf5 Bxf5 17. Nd4 Be6 18. cxd5 cxd5 19. Nxd5 Bxd5 20. Bxd5 Nc5 21. b4 Ncd7 22. b5 Ra7 23. Nf5 Bc5 24. Bxc5 Nxc5 25. b6 1-0